| 000 | 02160nam a22002537a 4500 | ||
|---|---|---|---|
| 999 |
_c58057 _d58057 |
||
| 003 | Ge_BSU | ||
| 005 | 20221221135125.0 | ||
| 008 | 210603s2021 ge ||||| |||| 00| 0 geo d | ||
| 041 | _ageo | ||
| 080 | _a58 ვ-13 | ||
| 100 |
_aვადაჭკორია, პაატა _911946 |
||
| 245 |
_aპალიასტომის ტბის უხერხემლო ჰიდრობიონტების ტაქსონომური მრავალფეროვნება და ბიოეკოლოგია / _cპაატა ვადაჭკორია; სამეცნიერო ხელმძღვანელი თ. გოგმაჩაძე; ბათუმის შოთა რუსთაველის სახელმწიფო უნივერსიტეტი. საბუნებისმეტყველო მეცნიერებატა და ჯანდაცვის ფაკულტეტი. ბიოლოგიის დეპარტამენტი. |
||
| 264 |
_aბათუმი, _c2021. |
||
| 300 |
_a151 გვ.; _bსურ., _c30 სმ. |
||
| 504 | _aბიბლიოგრ. გვ. 126 -139 | ||
| 653 | _aპალიასტომის ტბის უხერხემლო ჰიდრობიონტების ტაქსონომური მრავალფეროვნება და ბიოეკოლოგია | ||
| 653 | _aბიოლოგია | ||
| 653 | _aზოოლოგია | ||
| 653 | _aჰიდრობიოლოგია | ||
| 653 | _aდისერტაცია | ||
| 700 |
_aგოგმაჩაძე, თ. _eსამეცნიერო ხელმძღვანელი _92676 |
||
| 710 |
_aბათუმის შოთა რუსთაველის სახელმწიფო უნივერსიტეტი. _bსაბუნებისმეტყველო მეცნიერებატა და ჯანდაცვის ფაკულტეტი. ბიოლოგიის დეპარტამენტი. _911947 |
||
| 942 |
_2udc _cDS |
||